Division 1 Colleges in Illinois - Statistics

General Stats
  • This quiz has been taken 25 times
    9 since last reset
  • The average score is 12 of 13
Answer Stats
Hint Answer % Correct
Ohio Valley Eastern Illinois
100%
Big 10 Illinois
100%
MAC Northern Illinois
100%
Big 10 Northwestern
100%
Ohio Valley SIU Edwardsville
100%
Missouri Valley UIC
100%
Ohio Valley Western Illinois
100%
Missouri Valley Bradley
83%
Independent Chicago State
83%
Big East DePaul
83%
Missouri Valley Southern Illinois
83%
Missouri Valley Illinois State
67%
Atlantic 10 Loyola Chicago
67%
No matching quizzes found
Score Distribution
Percent of People with Each Score
Percentile by Number Answered
Your Score History
You have not taken this quiz since the last reset